000 00997nam a2200253 4500
001 6027
010 _a9789720709882
021 _b420079/17
090 _a6027
100 _a20250930d2017 cd y0pory50030103ba
200 1 _aHistórias de 5 minutos
_fLuísa Neves
_gil. Zé Nova
210 9 _aPorto
_cPorto Editora
_d2017
215 _a31 p.
_cil.
225 2 _aAlfa
330 _aNeste livro interativo, o Alfa ganha vida em pequenas histórias de 5 minutos repletas de fantásticas aventuras com realidade aumentada. Para além de brincares com as imagens em 3D, podes também ouvir as histórias quantas vezes quiseres! Instala a APP grátis e diverte-te! As instruções encontram-se no interior do livro
606 _914
_aLiteratura infantil
606 _915
_aLiteratura Portuguesa
675 _a82-93
_vBN
_zpor
675 _a821.134.3
_vBN
_zpor
700 _95716
_aNeves
_bLuísa
702 _aNova
_b
_91707
801 0 _aPT
_bBEN2VN
_gRPC
830 _cTânia Croca
_d30/09/2025
990 _cLIVROS